000 00234nam a2200085Ia 4500
008 120527s9999 xx 000 0 und d
100 _aARNOLD, S.David
245 _aPublic official association and state and local government
942 _cBK
999 _c25089
_d25089